Algunas experiencias de organización y gestión de recursos humanos en las corporaciones locales / [Compilador: José Antonio García Revilla] José Antonio García Revilla]
ISBN:
84-86711-25-2
Descripción Física:
167 p. ; 18 cm
Colección:
Manual del alcalde ; 48-49
Otros Autores:
García Revilla, José Antonio
MARC
| LEADER | 00000nam a2200000Ia 4500 | ||
|---|---|---|---|
| 001 | 19180 | ||
| 008 | 160829s1993 xx 000 0 cat d | ||
| 020 | |a 84-86711-25-2 | ||
| 080 | |a M-4-13 | ||
| 245 | |a Algunas experiencias de organización y gestión de recursos humanos en las corporaciones locales / [Compilador: |b José Antonio García Revilla] | ||
| 260 | |a Madrid : |b Banco Crédito Local. Argentaria, |c 1993 | ||
| 300 | |a 167 p. ; |c 18 cm | ||
| 490 | |a Manual del alcalde ; 48-49 | ||
| 650 | 0 | |a Administració local |z Espanya |9 37433 | |
| 650 | |a Recursos humans |x Espanya |9 45287 | ||
| 700 | |a García Revilla, José Antonio |e compilador |9 45288 | ||
| 901 | |a Arxiu | ||
| 942 | |n 1 |2 udc | ||
| 952 | |0 0 |1 0 |4 0 |6 M413 |7 1 |9 52515 |a Arxiu |b Arxiu |d 2016-12-01 |l 0 |o M-4-13 |p 19180 |r 2016-12-01 00:00:00 |w 2016-12-01 |y ARXIU | ||
| 999 | |c 56363 |d 56363 | ||